Frontières de la Birmanie. - Statistiques

Statistiques générales
  • Ce quiz a été pris 270 fois
  • Le résultat moyen est 5 sur 5
Statistiques - réponses
Longueur Pays frontalier % Correct
2185 km Chine
99%
1800 km Thailande
99%
1463 km Inde
97%
193 km Bangladesh
96%
235 km Laos
96%
Aucun quiz correspondant
Distribution des résultats
% des personnes avec chaque résultat
Percentile par nombre de réponses
Votre historique - résultats
Vous n’avez pas pris ce quiz